000 00892nam a2200265Ia 4500
003 OSt
005 20221005104355.0
006 a|||||r|||| 00| 0
007 ta
008 221004b |||||||| |||| 00| 0 hin d
020 _a97881925242
024 _a14327
037 _bGift, 07/11/2014,
_cTextual
040 _aCRL
_cCRL
_bhin
041 _2hin
_ahin
082 _aO152,1N51,MG, Q2
100 _aदिनकर, राम सिंह
245 0 _aमहामानव गौतमबुद्ध
246 _aMahāmānav gautamabuddha
260 _aदिल्ली
_bबेधड़क प्रकाशन भारत
_c2012
300 _a348पृ0
_ccm.
650 _aहिन्दी साहित्य
942 _hO152,1N51,MG, Q2
_cTEXL
_2cc
999 _c1012505
_d1012505